| 000 | 00647nam a2200205Ia 4500 | ||
|---|---|---|---|
| 003 | GCL | ||
| 008 | 140319s9999 xx 000 0 ara d | ||
| 040 |
_aGCL / _cGCL |
||
| 082 | 0 | 4 |
_a657.867042 _bات |
| 100 | 1 | _aاحمد نور | |
| 245 | 1 | 0 |
_aالتكاليف فى المنشات الصناعية / _cاحمد نور |
| 700 | 1 | _aالسيد عبدالمقصود دبيان | |
| 260 |
_a[S.N] : _bمؤسسة شباب الجامعة ، _c1989 |
||
| 300 | _a674 ص | ||
| 490 | _a | ||
| 650 | 0 | 4 | _aمحاسبة التكاليف |
| 650 | 0 | 4 | _aالمحاسبة الادارية |
| 650 | 0 | 4 | _aالتكاليف الصناعية |
| 942 |
_2ddc _cBK |
||
| 999 |
_c35182 _d35182 |
||